000 00852nas a2200301 4500
001 BR0905324
003 BR-BrBNA
005 20231205113644.0
007 ta
008 230509b bl.|||p| |||| 00| 00por d
040 _aBR-BrBNA
_bpor
_cBiblioteca Nacional de Agricultura
041 _a(Pt)
072 _aF02; K10
100 1 _aKielse, P.
100 1 _aFranco, E.T.H.
100 1 _aParanhos, J.T.
100 1 _aLima, A.P.S.
245 1 _aRegeneração in vitro de Parapiptadenia rígida
650 _aANGICO VERMELHO
650 _aÁRVORE ANGIOSPERMA
650 _aENRAIZAMENTO
650 _aMICROPROPAGAÇÃO
650 _aGERMINAÇÃO
650 _aSEMENTE
773 0 _tCiência Rural (Brazil)
_xISSN 0103-8478
_g(Jul 2009), v. 39(4) p. 1088-1094
_wBR0905324
909 _a202311
_bLúcia
_c55
_dLúcia Elande
942 _2AGRIS
_n0
_cANA
999 _c204914
_d204914